Gemeinden von Salzburg-Umgebung - Statistiken

Allgemein
  • Dieses Quiz wurde 461 mal gespielt
  • Das Durchschnittsergebnis liegt bei 24 aus 37
Antworten auf der Karte
Die Antworten werden auf der Karte rot bzw. grün angezeigt, abhängig davon wie oft sie richtig erraten wurden.
 
Antwortstatistiken
Einwohner Gemeinde % Korrekt
13.573 Wals-Siezenheim
88%
11.001 Seekirchen am Wallersee
86%
4.327 Anif
83%
7.753 Straßwalchen
83%
5.741 Bergheim
81%
7.392 Grödig
79%
6.492 Neumarkt am Wallersee
79%
3.052 Elixhausen
77%
7.083 Eugendorf
77%
5.494 Elsbethen
75%
5.850 Oberndorf bei Salzburg
75%
1.591 Fuschl am See
73%
3.446 Mattsee
73%
3.905 St. Gilgen
73%
5.025 Henndorf am Wallersee
69%
5.971 Thalgau
68%
4.956 Obertrum am See
67%
3.670 Strobl
67%
4.055 Lamprechtshausen
64%
4.192 Hallwang
63%
2.640 Großgmain
62%
3.737 Anthering
61%
3.587 Hof bei Salzburg
61%
2.417 Nußdorf am Haunsberg
61%
4.940 Bürmoos
60%
3.085 Faistenau
60%
472 Hintersee
59%
3.031 St. Georgen bei Salzburg
54%
3.659 Koppl
53%
2.659 Köstendorf
52%
1.440 Ebenau
50%
1.942 Seeham
50%
1.706 Berndorf bei Salzburg
48%
1.119 Schleedorf
47%
1.580 Dorfbeuern
44%
778 Göming
43%
1.261 Plainfeld
42%
Keine übereinstimmenden Quizze gefunden
Verteilung der Resultate
Anzahl Personen mit jedem Resultat
Perzentil nach korrekt beantworteten Fragen
Ihre Resultats-Entwicklung
Sie haben dieses Quiz noch nicht gespielt